Thomas Müller Alle Titel/Erfolge - Statistiken

Allgemein
  • Dieses Quiz wurde 141 mal gespielt
    16 seit der letzten Aktualisierung
  • Das Durchschnittsergebnis liegt bei 5 aus 12
Antwortstatistiken
Anzahl Team Titel % Korrekt
13x Bayern München Deutscher Meister
100%
1x Nationalmannschaft Weltmeisterschaft 2014
100%
2x Bayern München Champions-League
93%
6x Bayern München DFB-Pokal
80%
8x Bayern München Deutscher Supercup
47%
1x Auszeichnung bei der WM 2010 Torschützenkönig
40%
2x Bayern München Klub-Weltmeisterschaft
27%
2x Auszeichnung im DFB-Pokal Torschützenkönig
27%
2x Bayern München UEFA-Supercup
20%
1x Vancouver Whitecaps FC Kanadischer Pokalsieger
7%
1x Bayern München U19 Meister A-Junioren Bundesliga Süd/Südwest
7%
1x Auszeichnung bei der WM 2010 Bester Jungspieler
0%
Keine übereinstimmenden Quizze gefunden
Verteilung der Resultate
Anzahl Personen mit jedem Resultat
Perzentil nach korrekt beantworteten Fragen
Ihre Resultats-Entwicklung
Sie haben dieses Quiz seit der letzten Aktualisierung nicht gespielt